01242cam a2200301 a 4500952014200000999001500142001000900157003000400166005001700170008004100187010001700228020001800245040001800263050002200281082002100303100002500324245004500349250001300394260004100407300003400448500006400482650002900546856008300575856009100658856010600749906004500855942004000900 00102ddc40708MANAGEMENTaMESbMEScMANAGEMENTd2019-02-20g375.00l0o658.3 LUT/Op32462r2019-02-20 00:00:00w2019-02-20yBKzGL54R3 c7179d717914505510OSt20200128103506.0060818s2008 maua b 001 0 eng  a 2006026834 a9780071259309 aDLCcDLCdDLC00aHD58.7b.L88 200800a658.3222bLUT/O a Luthans, Fred9151510aOrganizational behavior /cFred Luthans. a11th ed. aBoston :bMcGraw-Hill/Irwin,cc2008. axvi, 592 p. :bill. ;c26 cm. aIncludes bibliographical references (p. 478-557) and index. 0aOrganizational behavior.413Table of contents onlyuhttp://www.loc.gov/catdir/toc/ecip0619/2006026834.html423Publisher descriptionuhttp://www.loc.gov/catdir/enhancements/fy0665/2006026834-d.html423Contributor biographical informationuhttp://www.loc.gov/catdir/enhancements/fy0735/2006026834-b.html a7bcbccorignewd1eecipf20gy-gencatlg 2ddccBKh658.3iLUT/Ok658.3mLUT/O